000
00306nam a2200109Ia 4500
008
190216s9999||||xx |||||||||||||| ||und||
100
_a
"Drover Cb. Bosley R W B, Fidler Pjm"
245
0
_a
Sheldon`S Practice Of Law Of Banking
260
_b
Prentice Hall Of India Pvt Ltd
_c
1972
300
_a
702p
942
_c
BK
999
_c
5129
_d
5129